00887nam a22001697a 4500020001800000082002100018245011700039260003400156300001400190520025500204700002900459700003000488700003100518710004700549710005900596710006200655 a978938060787004a305.800954bPOL-04aThe politics of ethnicity in India, Nepal and China /cedited by Marine Carrin, Pralay Kanungo, Gérard Toffin. aNew DelhibPrimus Booksc2014 avi, 343p. aContributed articles presented at an international conference, organized by Indian Council of Social Science Research, National Center for Scientific Research, France and the French Foundation Maison des Sciences de l'Homme, Paris, held at New Delhi.1 aCarrin, Marine,eeditor.1 aKanungo, Pralay,eeditor.1 aToffin, Gérard,eeditor.2 aIndian Council of Social Science Research,2 aCentre national de la recherche scientifique (France),2 aFondation Maison des sciences de l'homme (Paris, France),